00280nam a2200121Ia 4500008004100000020001500041050001400056245001900070245002900089260002300118260000900141300000800150160319s9999 xx 000 0 und d a9714206650 bIB13 2006 aIbong Adarna / cedited by Dolores Aranda bTrinitas Pub. Inc. c2006 a234